El idealismo transcendental: teoría de la verdad
Guardat en:
| Autor principal: | |
|---|---|
| Format: | Llibre |
| Idioma: | espanyol |
| Publicat: |
Madrid
Gredos
1979
|
| Col·lecció: | Biblioteca Hispánica de Filosofía
|
| Matèries: | |
| Etiquetes: |
Afegir etiqueta
Sense etiquetes, Sigues el primer a etiquetar aquest registre!
|
MARC
| LEADER | 00000nam a2200000 a 4500 | ||
|---|---|---|---|
| 001 | UCW9356 | ||
| 003 | CL-VaPUC | ||
| 008 | 890330e19790000SP |||||||||||||||||spa|d | ||
| 082 | 0 | 4 | |a 141.3 |b PAL |2 21 |
| 100 | |a Palacios, Juan Miguel |e autor |9 537965 | ||
| 245 | 1 | 3 | |a El idealismo transcendental: teoría de la verdad |
| 300 | |a 168 p | ||
| 942 | |c BK | ||
| 945 | |d 19890330 00:00:00 | ||
| 260 | |a Madrid |b Gredos |c 1979 | ||
| 650 | 0 | |a Idealismo |9 265685 | |
| 650 | 7 | |a TRANSCENDENTALISMO |2 CL-VaPUC |9 314606 | |
| 583 | |a last modification |c 19890330 00:00:00 |k Rodrigo Vera | ||
| 490 | 0 | |a Biblioteca Hispánica de Filosofía | |
| 999 | |c 221357 |d 221355 | ||
| 952 | |0 0 |1 0 |4 0 |6 141_300000000000000_PAL_1979 |7 0 |8 A |9 214579 |a BIBEDU |b BIBEDU |d 2019-11-15 |i 2831597 |o 141.3 PAL 1979 |p 2831597 |r 2019-11-15 |w 2019-11-15 |y BK |k FIL | ||